Sentence correction : GMAT strategy guide (Record no. 591075)

000 -LEADER
fixed length control field 00349nam a22001457a 4500
003 - CONTROL NUMBER IDENTIFIER
control field NUST
005 - DATE AND TIME OF LATEST TRANSACTION
control field 20220816164654.0
020 ## - INTERNATIONAL STANDARD BOOK NUMBER
International Standard Book Number 9781941234075
038 ## - RECORD CONTENT LICENSOR
Staff Name Azhar
082 ## - DEWEY DECIMAL CLASSIFICATION NUMBER
Classification number 428.75
Author Mark MAN
245 ## - TITLE STATEMENT
Title Sentence correction : GMAT strategy guide
Statement of responsibility, etc. Manhattan Prep
260 ## - PUBLICATION, DISTRIBUTION, ETC.
Place of publication, distribution, etc. New York
Name of publisher, distributor, etc. Manhattan Prep
Date of publication, distribution, etc. 2014
300 ## - PHYSICAL DESCRIPTION
Extent 266p
942 ## - ADDED ENTRY ELEMENTS (KOHA)
Source of classification or shelving scheme
Koha item type Lincoln Corner
Holdings
Withdrawn status Lost status Source of classification or shelving scheme Damaged status Not for loan Permanent Location Current Location Shelving location Date acquired Full call number Barcode Date last seen Price effective from Koha item type
          Central Library (CL) Central Library (CL) Lincoln Corner 08/16/2022 428.75 MAN LC-219 08/16/2022 08/16/2022 Reference
© 2023 Central Library, National University of Sciences and Technology. All Rights Reserved.